000 00220nam a2200109Ia 4500
100 _a#N/A
942 _cBK
654 _atool kit
245 _aComplete Tool Kit for Businesses
260 _b#N/A
_c2003
546 _aENGLISH
999 _c31652
_d31652